| 000 | 00364nam a2200169Ia 4500 | ||
|---|---|---|---|
| 008 | 210210b1965 xxu||||| |||| 00| 0 eng d | ||
| 041 | _aeng | ||
| 082 | _a869/7 | ||
| 100 | _aTHOMAR (Ajmersinha) | ||
| 245 | _aMuskan ka mol | ||
| 260 |
_aMayura _b- _c1965 |
||
| 650 | _aMuskan | ||
| 650 | _amol | ||
| 650 | _aka | ||
| 690 | _aHindi Fiction | ||
| 906 | _a023806 | ||
| 999 |
_c148771 _d148771 |
||